000 00903nam a22002531u 4500
001 12604
003 HDC
007 cr bn ---
008 210209p2000 my eng
040 _aHDC
100 _aSamsudin Ahmad,
_eauthor
_912813
245 0 _aPengeringan rosel dengan menggunakan mesin pengering /
_cby Samsudin Ahmad, Mat Isa Awang dan Mohd. Taufik Abdullah
260 _aSerdang :
_bMalaysian Agricultural Research and Development Institute (MARDI),
_c2000
300 _a1 page
336 _atext
_2rdacontent
337 _acomputer
_2rdamedia
338 _aonline resource
_2rdacarrier
650 _aDryer
_913323
650 _aRoselle
_913324
856 _zRequest full-text at [email protected]
942 _2lcc
942 _cAR
942 _kJART 003168
999 _c9927
_d9927